Introduction to economics: (Record no. 9638)

MARC details
000 -LEADER
fixed length control field 00585cam a2200217ua 4500
005 - DATE AND TIME OF LATEST TRANSACTION
control field 20201201154221.0
008 - FIXED-LENGTH DATA ELEMENTS--GENERAL INFORMATION
fixed length control field 190325n ii |||gr||||Z||||||eng
020 ## - INTERNATIONAL STANDARD BOOK NUMBER
International Standard Book Number 8176800325
040 ## - CATALOGING SOURCE
Transcribing agency MAIN
Original cataloging agency IN-DiNC
041 ## - LANGUAGE CODE
Language code of sung or spoken text English
082 ## - DEWEY DECIMAL CLASSIFICATION NUMBER
Classification number 330
Item number GOE
100 ## - MAIN ENTRY--PERSONAL NAME
Personal name J P Goel,
Relator term Author
245 ## - TITLE STATEMENT
Title Introduction to economics:
Remainder of title a textbook for class XI/
Statement of responsibility, etc. by JP Goel and H Goswami
250 ## - EDITION STATEMENT
Edition statement 1st ed.
Remainder of edition statement V.1
260 ## - PUBLICATION, DISTRIBUTION, ETC.
Place of publication, distribution, etc. Dibrugarh:
Name of publisher, distributor, etc. Tushar publishing house.
Date of publication, distribution, etc. 2008
300 ## - PHYSICAL DESCRIPTION
Extent 504p.
650 ## - SUBJECT ADDED ENTRY--TOPICAL TERM
Topical term or geographic name entry element Economics
700 ## - ADDED ENTRY--PERSONAL NAME
Personal name Goswami, H
Relator term Author
942 ## - ADDED ENTRY ELEMENTS (KOHA)
Koha item type Books
Source of classification or shelving scheme Dewey Decimal Classification
653 ## - INDEX TERM--UNCONTROLLED
Uncontrolled term Economics
Holdings
Withdrawn status Lost status Damaged status Not for loan Home library Current library Shelving location Date acquired Total Checkouts Full call number Barcode Date last seen Date last checked out Copy number Price effective from Koha item type
        Central Library, Naharkatiya College Central Library, Naharkatiya College General Stacks 19/09/2020 17 330Introduction to economics | GOE 24940 28/10/2025 14/10/2025 1 19/09/2020 Books

Naharkatiya College © 2020. All rights reserved.

Powered By